| 000 | 00798nam a22001337a 4500 | ||
|---|---|---|---|
| 040 | _cRUA | ||
| 082 | _aAED LY 2018 B657 Or.1 | ||
| 100 | _aLY MENGHEANG លី ម៉េងហ៊ាង | ||
| 245 | _athe study on farmer's percenptions of wildlife friendly ibis rice production in northern plains landscape protected area of preah vihea province ការសិក្សារអំពីការយល់ឃើញរបស់ប្រជាកសិករនៅលើផលិតផកម្មស្រូវមិត្តសត្វព្រៃ នៅតំបន់ការពារទេសភាពភាគខាងជើងនៃខេត្តព្រោះវិហារ | ||
| 260 |
_aRUA _bPhnom penh _c2018 |
||
| 300 |
_ax;55p _bill; _c29cm |
||
| 856 | _u LY MENGHEANG | ||
| 942 | _cAED | ||
| 999 |
_c18747 _d18747 |
||